Abside : revista de cultura mejicana : XXXIV-4 /

Abside fue una revista mexicana que fungió como espacio de reflexión sobre la historia, la filosofía, la literatura y la cultura nacional. Fundada en 1937 por los sacerdotes Angel María Garibay, Octaviano Valdés y los hermanos Gabriel y Alfonso Méndez Plancarte, se mantuvo en circulación durante cua...

Descripción completa

Guardado en:
Detalles Bibliográficos
Autor principal: Junco, Alfonso (dirección)
Formato: Libro
Idioma:Español
Temas:
Etiquetas: Agrega una etiqueta
Sin etiquetas, Sé el primero en etiquetar este registro!

MARC

LEADER 00000nam^a2200000^a^4500
001 000361354
005 20250521000000.0
009 20260310115450.612
037 |a Acervo ITESO - Biblioteca 
041 |a ESP 
082 |a 805.  |b ABS V. 34 T. 4 
100 |a Junco, Alfonso  |e (dirección) 
240 1 1 |a [Abside: Revista de Cultura Mejicana] 
245 1 0 |a Abside :  |b revista de cultura mejicana : XXXIV-4 /  |c Dir. de A. Junco. 
264 |a México :  |b Abside,  |c 1970 
300 |a p. 373-493 
336 |a texto  |b txt  |2 rdacontenido 
337 |a sin mediación  |b n  |2 rdamedio 
338 |a volumen  |b nc  |2 rdasoporte 
520 |a Abside fue una revista mexicana que fungió como espacio de reflexión sobre la historia, la filosofía, la literatura y la cultura nacional. Fundada en 1937 por los sacerdotes Angel María Garibay, Octaviano Valdés y los hermanos Gabriel y Alfonso Méndez Plancarte, se mantuvo en circulación durante cuatro décadas, con una periodicidad mensual en los primeros cinco años y una trimestral en el período restante. Con un claro enfoque apologético y humanista, entre sus escritos se observaba un interés hacia la revisión de las obras clásicas, en particular las provenientes de la época colonial, a la literatura indígena, al corpus ensayístico del siglo XVIII, y a la condición mestiza del mexicano. Se promovió entre sus páginas numerosos manuscritos inéditos, provenientes de escritores e intelectuales latinoamericanos consagrados como Amado Nervo, Alfonso Reyes, Agustín Yáñez, Gabriela Mistral, Concha Urquiza, Manuel Ponce, Alfonso Junco o Aurelio Espinosa Pólit, por citar algunos nombres. 
649 |a XX 
650 |a Jesucristo -  |x Natividad 
650 |a Médicos Mexicanos 
650 |a Historiadores Italianos 
650 |a Escritores Cubanos 
650 |a Escritores Mexicanos 
650 |a Artistas Cubanos 
650 |a Artistas Mexicanos 
650 |a Poesía Cubana -  |x Historia y Crítica 
650 |a Poesía Costarricense 
650 |a Poesía Mexicana 
650 |a Cuentos Norteamericanos 
650 |a Literatura Costarricense -  |y Siglo XX 
650 |a Literatura Norteamericana -  |y Siglo XX 
650 |a Literatura Mexicana -  |y Siglo XX 
650 |a Literatura Mexicana -  |y Siglo XVII 
650 |a Literatura Cubana -  |x Historia y Crítica 
650 |a Literatura Mexicana -  |x Historia y Crítica 
650 |a Literatura -  |x Historia y Crítica 
650 |a Literatura -  |x Publicaciones Periódicas Mexicanas -  |x Tema Principal 
650 |a Arte Norteamericano 
650 |a Arte Cubano -  |x Historia y Crítica 
650 |a Arte Mexicano -  |x Historia y Crítica 
650 |a Cultura -  |x Publicaciones Periódicas Mexicanas -  |x Tema Principal 
650 |a Cristianismo y Sociedad 
650 |a Cristianismo y Política 
650 |a Política y Religión 
650 |a Filosofía -  |x Publicaciones Periódicas Mexicanas 
650 |a Historia -  |x Publicaciones Periódicas Mexicanas -  |x Tema Principal 
650 |a Publicaciones Periódicas Mexicanas 
650 |a Boturini de Benaducci, Lorenzo 
650 |a Martí, José 
650 |a Robles, Oswaldo 
600 |a Cruz, Juana Inés de la,  |c Sor 
600 |a Nervo, Amado 
910 |a Fondo Ignacio Díaz Morales 
920 |a Impresos - Libros 
930 |a Arquitectos Jaliscienses 
940 |a Literatura 
905 |a 114 
901 |a 0500254923  |b IT1  |c JAL  |i D68086  |u 20250521 
902 |a https://opac.biblio.iteso.mx/vufind/Record/000361354